000 00361nam a2200157Ia 4500
100 _aZheng Youlu/ Akhtar/S
650 _aNetworks
942 _cBK
366 _f25
654 _anetworks
245 _aNetworks for Computer Scientists and Engineers
260 _bOxford university press
_c2002
082 _a4.65
_bZHE
300 _a575
546 _aENGLISH
999 _c29101
_d29101